00774 2200253 4500001002100000005001700021008004100038035002500079040001200104082000800116084001600124090001600140245014900156260002800305300003700333500004900370650001900419700001900438700001000457700001000467700001600477700001500493850001200508INLIS00000000000180020150209103054.0  a0010-021500000000084 aYOPDYOG a793 aNUS 793 Sis aNUS 793 Sis aSISI Berita : Permainan tradisional [rekaman video]c/ penanggung jawab Mahendra Wisnu ; editor, Syaefullah, Jefri, Indra ; produser Prita Laura aJakartabMetro TVc2013 aDVD : digital, stereo ; 4 3/4 in aProgram Metro TV ; tanggal tayang 28/08/2013 aPermainan anak aMahendra Wisnu aJefri aIndra aPrita Laura aSyaefullah aYOPDYOG